[Event "2BLS 1819 SC Heusenstamm - SF Bad Merge"]
[Site "?"]
[Date "2019.02.23"]
[Round "7.1"]
[White "Rakotomaharo, Fy Antenaina"]
[Black "Sadzikowski, Daniel"]
[Result "1/2-1/2"]
[WhiteElo "2412"]
[BlackElo "2516"]
[PlyCount "34"]
[EventDate "2019.??.??"]

1. d4 Nf6 2. c4 e6 3. Nc3 Bb4 4. e3 O-O 5. Nge2 d5 6. a3 Be7 7. cxd5 exd5 8.
Nf4 c6 9. Bd3 Na6 10. O-O Re8 11. b4 Nc7 12. f3 a5 13. Rb1 axb4 14. axb4 Ne6
15. Nfe2 b6 16. Kh1 c5 17. bxc5 bxc5 {(=)} 1/2-1/2

[Event "2BLS 1819 SC Heusenstamm - SF Bad Merge"]
[Site "?"]
[Date "2019.02.23"]
[Round "7.2"]
[White "Krejci, Jan"]
[Black "Karpatchev, Aleksandr"]
[Result "1-0"]
[WhiteElo "2558"]
[BlackElo "2406"]
[PlyCount "69"]
[EventDate "2019.??.??"]

1. e4 e5 2. Nf3 Nc6 3. Bb5 a6 4. Ba4 Nf6 5. O-O Be7 6. Re1 b5 7. Bb3 O-O 8. h3
Bb7 9. d3 d5 10. exd5 Nxd5 11. a4 Nd4 12. Nxd4 exd4 13. axb5 axb5 14. Rxa8 Bxa8
15. Qg4 Nf6 16. Qf5 Bd5 17. Bxd5 Nxd5 18. Nd2 Bb4 19. Re5 Ne7 20. Qg4 Ng6 21.
Rxb5 c5 22. Nf1 Qe8 23. Rb7 Qe1 24. Bf4 h5 25. Qf5 Nxf4 26. Qxf4 Qe2 27. Ng3
Qxc2 28. Nf5 Bd2 29. Ne7+ Kh8 30. Qf3 Ra8 31. Qxf7 Bh6 32. Ng6+ Kh7 33. Qf5 Kg8
34. Rf7 Qe2 35. Ne7+ 1-0

[Event "2BLS 1819 SC Heusenstamm - SF Bad Merge"]
[Site "?"]
[Date "2019.02.23"]
[Round "7.3"]
[White "Ikonnikov, Vyacheslav"]
[Black "Poetsch, Hagen"]
[Result "0-1"]
[WhiteElo "2524"]
[BlackElo "2509"]
[PlyCount "116"]
[EventDate "2019.??.??"]

1. d4 Nf6 2. Nf3 d5 3. c4 e6 4. Nc3 Bb4 5. Qa4+ Nc6 6. e3 O-O 7. Bd2 dxc4 8.
Bxc4 Bd6 9. Nb5 e5 10. Nxd6 cxd6 11. Bc3 Ne4 12. O-O Bg4 13. Nd2 Nxc3 14. bxc3
Rc8 15. Rfc1 Qa5 16. Qxa5 Nxa5 17. Bd5 Rc7 18. f3 Bf5 19. e4 Bd7 20. Rab1 b6
21. dxe5 dxe5 22. c4 Rfc8 23. Re1 Kf8 24. Re3 Ke7 25. Ra3 Be6 26. h4 Kd6 27.
Rb2 Bxd5 28. cxd5 Rc2 29. Rxc2 Rxc2 30. Nb3 Nxb3 31. axb3 a5 32. b4 axb4 33.
Rb3 Kc5 34. Rd3 Ra2 35. d6 Ra8 36. d7 Rd8 37. Kf2 Kc4 38. Ke2 b3 39. Rd6 Kc5
40. Rd5+ Kc6 41. Rd3 Rxd7 42. Rc3+ Kb5 43. Rxb3+ Kc5 44. Rc3+ Kb4 45. Rc6 b5
46. g4 Ka4 47. Ra6+ Kb3 48. g5 b4 49. h5 Kc4 50. h6 g6 51. Rc6+ Kb5 52. Rc8 b3
53. Rb8+ Kc4 54. Rc8+ Kb4 55. Rb8+ Kc3 56. Rc8+ Kb2 57. Rc5 Ra7 58. Rxe5 Ka2
0-1

[Event "2BLS 1819 SC Heusenstamm - SF Bad Merge"]
[Site "?"]
[Date "2019.02.23"]
[Round "7.4"]
[White "Polak, Tomas"]
[Black "Gasthofer, Alexander"]
[Result "1-0"]
[WhiteElo "2510"]
[BlackElo "2417"]
[PlyCount "107"]
[EventDate "2019.??.??"]

1. d4 d5 2. Nf3 Nf6 3. c4 c6 4. Nc3 e6 5. e3 Nbd7 6. Qc2 Bd6 7. b3 O-O 8. Be2
Re8 9. Bb2 b6 10. O-O Bb7 11. Rad1 Qe7 12. Rfe1 Rad8 13. h3 h6 14. e4 dxe4 15.
Nxe4 Nxe4 16. Qxe4 Bb4 17. Rf1 Ba3 18. Ba1 Nf6 19. Qe3 c5 20. Ne5 cxd4 21. Bxd4
Bc5 22. Bxc5 Qxc5 23. Qxc5 bxc5 24. f4 a5 25. g4 a4 26. g5 Ne4 27. Bh5 g6 28.
Bf3 Nd2 29. Bxb7 Nxf1 30. Rxf1 a3 31. Nf3 Rd3 32. Kf2 Kg7 33. Be4 Rd6 34. Ke3
Red8 35. Bc2 Rh8 36. h4 Rdd8 37. Rg1 Rd6 38. Rb1 Rb8 39. Ne5 hxg5 40. fxg5 Rb7
41. Be4 Rb8 42. Rf1 Rf8 43. Bc2 Rd4 44. Rh1 Rh8 45. Be4 Rd6 46. Nd3 Rc8 47. h5
gxh5 48. Rxh5 f5 49. gxf6+ Kxf6 50. Rh6+ Kg7 51. Rh7+ Kf6 52. Kf4 e5+ 53. Nxe5
Rf8 54. Nd3 1-0

[Event "2BLS 1819 SC Heusenstamm - SF Bad Merge"]
[Site "?"]
[Date "2019.02.23"]
[Round "7.5"]
[White "Ivanov, Mikhail M"]
[Black "Wieczorek, Oskar"]
[Result "0-1"]
[WhiteElo "2387"]
[BlackElo "2492"]
[PlyCount "58"]
[EventDate "2019.??.??"]

1. d4 Nf6 2. Nf3 g6 3. g3 Bg7 4. Bg2 O-O 5. O-O d6 6. b3 a5 7. Bb2 a4 8. Qc1
Ne4 9. Rd1 d5 10. c4 c6 11. Nbd2 f5 12. Ne5 Be6 13. Nxe4 fxe4 14. f3 axb3 15.
axb3 Rxa1 16. Bxa1 Bxe5 17. dxe5 exf3 18. exf3 Qb6+ 19. c5 Qxb3 20. Bd4 Nd7 21.
Qa1 Kf7 22. Rb1 Qd3 23. Rd1 Qb3 24. Rb1 Qd3 25. Rd1 Qe2 26. Re1 Qd3 27. Rb1 b6
28. cxb6 c5 29. Bxc5 Rb8 {(Rest unklar)} 0-1

[Event "2BLS 1819 SC Heusenstamm - SF Bad Merge"]
[Site "?"]
[Date "2019.02.23"]
[Round "7.6"]
[White "Klekowski, Maciej"]
[Black "Reinhardt, Bernd"]
[Result "1/2-1/2"]
[WhiteElo "2494"]
[BlackElo "2145"]
[PlyCount "48"]
[EventDate "2019.??.??"]

1. c4 e5 2. Nc3 Nc6 3. Nf3 f5 4. d4 e4 5. Ne5 Nf6 6. Nxc6 dxc6 7. g3 Be6 8. e3
Qd7 9. Qa4 a6 10. Be2 Be7 11. b3 Rb8 12. a3 Rd8 13. b4 O-O 14. Qc2 Qe8 15. Bb2
Qf7 16. Nb1 Qg6 17. Nd2 Ng4 18. Nf1 h5 19. h4 b6 20. Bc3 Qf7 21. Bb2 Qg6 22.
Bc3 Qf7 23. Nd2 Qg6 24. Nf1 Qf7 1/2-1/2

[Event "2BLS 1819 SC Heusenstamm - SF Bad Merge"]
[Site "?"]
[Date "2019.02.23"]
[Round "7.7"]
[White "Gasthofer, Viktor"]
[Black "Barski, Radoslaw"]
[Result "0-1"]
[WhiteElo "2308"]
[BlackElo "2467"]
[PlyCount "80"]
[EventDate "2019.??.??"]

1. Nf3 Nf6 2. g3 b6 3. Bg2 Bb7 4. O-O e6 5. c4 Be7 6. Nc3 O-O 7. d4 Ne4 8. Nxe4
Bxe4 9. Ne1 Bxg2 10. Nxg2 d5 11. Qa4 c6 12. Bf4 Qd7 13. Rac1 Rc8 14. Rfd1 Qb7
15. cxd5 exd5 16. Bxb8 Raxb8 17. Rc2 Bf6 18. Nf4 Qd7 19. Qb3 g6 20. Kg2 Kg7 21.
Qf3 Re8 22. e3 Rbc8 23. h4 h5 24. Rdc1 a5 25. Rd1 Be7 26. Re1 Bb4 27. Rec1 Bd6
28. Rd1 Re4 29. Nd3 Qe7 30. Rdc1 c5 31. b3 Bxg3 32. fxg3 Rxe3 33. Qxd5 Rxd3 34.
Qe5+ Qxe5 35. dxe5 Re3 36. Rd1 Rxe5 37. Rd6 Re6 38. Rd7 Rce8 39. Kf2 Rf6+ 40.
Kg2 Re3 0-1

[Event "2BLS 1819 SC Heusenstamm - SF Bad Merge"]
[Site "?"]
[Date "2019.02.23"]
[Round "7.8"]
[White "Weichhold, Pawel"]
[Black "Gross, Willi"]
[Result "1-0"]
[WhiteElo "2424"]
[BlackElo "2122"]
[PlyCount "73"]
[EventDate "2019.??.??"]

1. e4 c5 2. Nf3 g6 3. d4 cxd4 4. Nxd4 Nc6 5. Nc3 Bg7 6. Be3 Nf6 7. Bc4 Qa5 8.
O-O O-O 9. Bb3 d6 10. h3 Bd7 11. f4 Nxd4 12. Bxd4 Bc6 13. Qd3 Nd7 14. Bxg7 Kxg7
15. Rae1 Kg8 16. Qg3 Nc5 17. Qh4 Nxb3 18. axb3 Rae8 19. Qh6 f5 20. e5 d5 21.
Nb1 d4 22. c3 dxc3 23. Nxc3 Qb6+ 24. Rf2 Rd8 25. Qh4 Rd2 26. Ree2 Rxe2 27. Nxe2
Rd8 28. Kh2 Rd2 29. e6 Bd5 30. Qxe7 Qxe6 31. Qd8+ Kg7 32. Qc7+ Kh6 33. Qd8 Kg7
34. Qc7+ Kf8 35. Nd4 Rxf2 36. Nxe6+ Bxe6 37. Qc5+ 1-0

[Event "2BLS 1819 SG Speyer-Schwegenheim - OSG "]
[Site "?"]
[Date "2019.02.24"]
[Round "8.1"]
[White "Gozzoli, Yannick"]
[Black "Oleksiyenko, Mykhaylo"]
[Result "1/2-1/2"]
[WhiteElo "2400"]
[BlackElo "2400"]
[PlyCount "41"]
[EventDate "2019.??.??"]

1. d4 Nf6 2. c4 g6 3. Nc3 Bg7 4. e4 d6 5. Nf3 O-O 6. Be2 e5 7. O-O Nc6 8. dxe5
dxe5 9. Bg5 Bg4 10. Qxd8 Nxd8 11. Bxf6 Bxf6 12. Nd5 Kg7 13. Nxc7 Rc8 14. Nd5
Bxf3 15. Bxf3 Rxc4 16. Rac1 Rxc1 17. Rxc1 Ne6 18. g3 Bg5 19. Rc3 Bd2 20. Rd3
Bc1 21. b3 {normal} 1/2-1/2

[Event "2BLS 1819 SG Speyer-Schwegenheim - OSG "]
[Site "?"]
[Date "2019.02.24"]
[Round "8.2"]
[White "Abasov, Nijat"]
[Black "Martin, Julian"]
[Result "1-0"]
[WhiteElo "2400"]
[BlackElo "2400"]
[PlyCount "43"]
[EventDate "2019.??.??"]

1. Nf3 Nf6 2. c4 c5 3. g3 b6 4. Bg2 Bb7 5. O-O g6 6. Nc3 Bg7 7. d4 cxd4 8. Qxd4
Nc6 9. Qf4 Rc8 10. b3 d5 11. Rd1 O-O 12. Bb2 e5 13. Qh4 e4 14. cxd5 Nxd5 15.
Rxd5 Qxh4 16. Nxh4 Nd4 17. Rd7 Bc6 18. Rxa7 g5 19. e3 Nb5 20. Nf5 Nxa7 21. Nxg7
Kxg7 22. Nb5+ {normal} 1-0

[Event "2BLS 1819 SG Speyer-Schwegenheim - OSG "]
[Site "?"]
[Date "2019.02.24"]
[Round "8.3"]
[White "Riff, Jean-Noel"]
[Black "Pavlidis, Antonios"]
[Result "1/2-1/2"]
[WhiteElo "2400"]
[BlackElo "2400"]
[PlyCount "23"]
[EventDate "2019.??.??"]

1. e4 e5 2. Nf3 Nc6 3. Bb5 a6 4. Ba4 d6 5. d4 b5 6. Bb3 Nxd4 7. Nxd4 exd4 8. c3
d3 9. Qxd3 Nf6 10. O-O Be7 11. c4 O-O 12. Nc3 {normal} 1/2-1/2

[Event "2BLS 1819 SG Speyer-Schwegenheim - OSG "]
[Site "?"]
[Date "2019.02.24"]
[Round "8.4"]
[White "Neiksans, Arturs"]
[Black "Bellahcene, Bilel"]
[Result "1/2-1/2"]
[WhiteElo "2400"]
[BlackElo "2400"]
[PlyCount "53"]
[EventDate "2019.??.??"]

1. e4 c5 2. Nf3 d6 3. Bb5+ Nd7 4. O-O a6 5. Bd3 Ngf6 6. Re1 e6 7. c3 b5 8. Bc2
c4 9. a4 Bb7 10. d4 cxd3 11. Qxd3 Nc5 12. Qe2 bxa4 13. e5 dxe5 14. Nxe5 Be7 15.
Rd1 Qc8 16. Rxa4 Bd5 17. Rh4 Qb7 18. b4 Ncd7 19. Nxd7 Nxd7 20. Rg4 h5 21. Rxg7
Bf6 22. Rg3 h4 23. Rgd3 Bxg2 24. Rxd7 Rg8 25. Rxb7 Bh3+ 26. Kh1 Bg2+ 27. Kg1 {
normal} 1/2-1/2

[Event "2BLS 1819 SG Speyer-Schwegenheim - OSG "]
[Site "?"]
[Date "2019.02.24"]
[Round "8.5"]
[White "Schmaltz, Roland"]
[Black "Meshkovs, Nikita"]
[Result "0-1"]
[WhiteElo "2400"]
[BlackElo "2400"]
[PlyCount "66"]
[EventDate "2019.??.??"]

1. e4 e5 2. Nf3 Nc6 3. Bb5 a6 4. Ba4 Nf6 5. d3 b5 6. Bb3 Bc5 7. Nc3 h6 8. a4 b4
9. Nd5 d6 10. a5 Rb8 11. Be3 Bxe3 12. fxe3 O-O 13. O-O Nxd5 14. Bxd5 Nxa5 15.
Rxa5 c6 16. Qa1 cxd5 17. exd5 Qb6 18. Re1 Qc7 19. Rc1 Rb5 20. Rxb5 axb5 21. c4
bxc3 22. Rxc3 Qb6 23. d4 Bb7 24. dxe5 Bxd5 25. exd6 Bxf3 26. gxf3 Qxd6 27. Qc1
Qd7 28. b4 Ra8 29. Rc5 Ra6 30. Rc8+ Kh7 31. Rc2 Rd6 32. Kg2 Rd1 33. Qb2 Qd3 {
normal} 0-1

[Event "2BLS 1819 SG Speyer-Schwegenheim - OSG "]
[Site "?"]
[Date "2019.02.24"]
[Round "8.6"]
[White "Kantans, Toms"]
[Black "Mutschnik, Illya"]
[Result "1-0"]
[WhiteElo "2400"]
[BlackElo "2400"]
[PlyCount "30"]
[EventDate "2019.??.??"]

1. e4 c5 2. Nf3 e6 3. d4 cxd4 4. Nxd4 Nc6 5. Nc3 Qe7 6. Be3 a6 7. Qf3 Nf6 8.
O-O-O Rb8 9. Be2 d6 10. Qg3 Bd7 11. f4 h5 12. e5 dxe5 13. fxe5 h4 14. Nxc6 bxc6
15. exf6 hxg3 {normal} 1-0

[Event "2BLS 1819 SG Speyer-Schwegenheim - OSG "]
[Site "?"]
[Date "2019.02.24"]
[Round "8.7"]
[White "Kaczmarczyk, Dennis"]
[Black "Shytaj, Luca"]
[Result "1/2-1/2"]
[WhiteElo "2400"]
[BlackElo "2400"]
[PlyCount "54"]
[EventDate "2019.??.??"]

1. d4 Nf6 2. c4 e6 3. Nc3 Bb4 4. Qc2 Nc6 5. Nf3 d6 6. Bd2 d5 7. e3 O-O 8. a3
Be7 9. h3 a6 10. Be2 dxc4 11. Bxc4 b6 12. O-O Bb7 13. Rfd1 Na5 14. Be2 c5 15.
dxc5 bxc5 16. Ne5 Qc7 17. Nc4 Nxc4 18. Bxc4 h5 19. Ne2 Ne4 20. Be1 Qc6 21. f3
Nd6 22. Ba2 Nf5 23. Bf2 Bg5 24. Qc3 Bf6 25. Qc2 Bg5 26. Qc3 Bf6 27. Qc2 Bg5 {
normal} 1/2-1/2

[Event "2BLS 1819 SG Speyer-Schwegenheim - OSG "]
[Site "?"]
[Date "2019.02.24"]
[Round "8.8"]
[White "Vlachos, Anatole"]
[Black "Kachiani-Gersinska, Ketino"]
[Result "1-0"]
[WhiteElo "2400"]
[BlackElo "2400"]
[PlyCount "157"]
[EventDate "2019.??.??"]

1. Nf3 d5 2. g3 c6 3. Bg2 Bg4 4. h3 Bxf3 5. Bxf3 Nd7 6. d3 e6 7. O-O h5 8. h4
Ne5 9. e4 Be7 10. exd5 Nxf3+ 11. Qxf3 Qxd5 12. Qxd5 cxd5 13. c4 Nf6 14. Nc3 Rd8
15. Bg5 O-O 16. Rac1 b6 17. Rc2 Rd7 18. Rfc1 Rfd8 19. Bxf6 Bxf6 20. cxd5 exd5
21. Ne2 g6 22. b3 Kf8 23. Kg2 Ke7 24. Kf3 Be5 25. d4 Bd6 26. Rc6 Ba3 27. R1c2
Rd6 28. Rc7+ R6d7 29. Nf4 Kf8 30. Rc8 Rxc8 31. Rxc8+ Ke7 32. Ke2 Kf6 33. Rc7
Rxc7 34. Nxd5+ Ke6 35. Nxc7+ Kd7 36. Nb5 Bb2 37. Kd3 a6 38. Nc3 Ke6 39. Nd1 Ba1
40. Ne3 b5 41. f3 Bb2 42. g4 Ba3 43. d5+ Kd7 44. gxh5 gxh5 45. Nf5 Bb2 46. Ng3
Bf6 47. Nxh5 Bxh4 48. Ng7 Bf6 49. Nf5 Bb2 50. Ke4 Ba3 51. Nh6 Ke7 52. Kd4 Bb4
53. Nf5+ Kd7 54. a4 Ba3 55. axb5 axb5 56. Ke4 Kc7 57. Nh6 f6 58. Ng4 Bb2 59.
Kf5 Kd6 60. Nxf6 Ba1 61. f4 Bb2 62. Kg6 Ba1 63. f5 Bb2 64. Ne8+ Kxd5 65. Nc7+
Kd6 66. Na6 Ke7 67. Nb4 Ba3 68. f6+ Ke6 69. Na6 Bf8 70. Nc7+ Kd6 71. Nxb5+ Kc5
72. Nc7 Kb4 73. Ne6 Bd6 74. Nd4 Bc5 75. f7 Kc3 76. Nf5 Kxb3 77. Kf6 Bf8 78. Ke6
Kc4 79. Kd7 {normal} 1-0

[Event "2BLS 1819 FB Mörlenbach-Birkenau - SC "]
[Site "?"]
[Date "2019.02.24"]
[Round "8.1"]
[White "Rausis, Igors"]
[Black "Kunin, Vitaly"]
[Result "1/2-1/2"]
[WhiteElo "2400"]
[BlackElo "2400"]
[PlyCount "72"]
[EventDate "2019.??.??"]

1. d4 d5 2. c4 dxc4 3. Nf3 Nf6 4. e3 a6 5. Bxc4 b5 6. Be2 Bb7 7. O-O e6 8. a4
b4 9. Nbd2 Nbd7 10. b3 Be7 11. Bb2 c5 12. Nc4 O-O 13. Rc1 Rc8 14. Qc2 Be4 15.
Bd3 Bxd3 16. Qxd3 Qc7 17. Qb1 Qb7 18. Nfe5 Rfd8 19. Rfd1 Qb8 20. Nxd7 Nxd7 21.
Qe4 Nf6 22. Qf3 Qa8 23. d5 Nxd5 24. e4 Nf6 25. Bxf6 Bxf6 26. Nb6 Qa7 27. Nxc8
Rxc8 28. Qe2 Be5 29. Qc4 h6 30. g3 Qb7 31. f4 Bc3 32. Rd6 Kh7 33. Kg2 a5 34.
Rc2 Rc7 35. Kh3 Rd7 36. Rxd7 Qxd7 {normal} 1/2-1/2

[Event "2BLS 1819 FB Mörlenbach-Birkenau - SC "]
[Site "?"]
[Date "2019.02.24"]
[Round "8.3"]
[White "Baklan, Vladimir"]
[Black "Legde, Georg"]
[Result "1-0"]
[WhiteElo "2400"]
[BlackElo "2400"]
[PlyCount "79"]
[EventDate "2019.??.??"]

1. e4 c5 2. Nf3 e6 3. d4 cxd4 4. Nxd4 Nf6 5. Nc3 Nc6 6. g3 Qb6 7. Nb3 Bb4 8.
Bg2 Qa6 9. Bd2 d5 10. a3 Be7 11. exd5 exd5 12. Be3 d4 13. Nxd4 O-O 14. Qe2 Qa5
15. O-O Nxd4 16. Bxd4 Be6 17. Rfd1 Rfd8 18. b4 Qf5 19. Bxb7 Rab8 20. Bc6 Rbc8
21. b5 Bc5 22. Bxc5 Qxc5 23. Ne4 Rxd1+ 24. Rxd1 Nxe4 25. Qxe4 Qxa3 26. Qd4 Qe7
27. Re1 Rc7 28. c4 h6 29. h4 g6 30. c5 h5 31. Qd6 Kf8 32. Qe5 Kg8 33. Rd1 Rc8
34. Rd7 Qf8 35. Rxa7 Rd8 36. Kg2 Qh6 37. Ra8 Rxa8 38. Bxa8 Qc1 39. b6 Bc4 40.
Kh2 {normal} 1-0

[Event "2BLS 1819 FB Mörlenbach-Birkenau - SC "]
[Site "?"]
[Date "2019.02.24"]
[Round "8.4"]
[White "Boehmer, Christian"]
[Black "Shevchenko, Kirill"]
[Result "0-1"]
[WhiteElo "2400"]
[BlackElo "2400"]
[PlyCount "40"]
[EventDate "2019.??.??"]

1. d4 Nf6 2. Nf3 g6 3. Bf4 Bg7 4. e3 O-O 5. Be2 d6 6. h3 c5 7. Nbd2 cxd4 8.
exd4 Nc6 9. Bh2 Re8 10. Nc4 d5 11. Ne3 Qb6 12. Rb1 Qa5+ 13. c3 Qxa2 14. Bc7 Bd7
15. O-O Rac8 16. b4 Rxc7 17. Ra1 Qb2 18. Rb1 Qa3 19. Rb3 Qa4 20. Qb1 b5 {normal
} 0-1

[Event "2BLS 1819 FB Mörlenbach-Birkenau - SC "]
[Site "?"]
[Date "2019.02.24"]
[Round "8.5"]
[White "Sokolov, Andrei"]
[Black "Felgendreher, Heiko"]
[Result "1/2-1/2"]
[WhiteElo "2400"]
[BlackElo "2400"]
[PlyCount "92"]
[EventDate "2019.??.??"]

1. e4 c5 2. Nf3 d6 3. d4 cxd4 4. Nxd4 Nf6 5. Nc3 a6 6. h3 e5 7. Nb3 Be6 8. Be3
Nbd7 9. g4 b5 10. g5 b4 11. Nd5 Nxd5 12. exd5 Bf5 13. Bd3 Bxd3 14. Qxd3 Be7 15.
h4 a5 16. O-O-O O-O 17. Kb1 Qc7 18. Nd2 Rac8 19. Ne4 Qc4 20. Qxc4 Rxc4 21. Nd2
Rcc8 22. Nb3 Bd8 23. f4 a4 24. Nc1 Rc4 25. Nd3 e4 26. Nc1 Bb6 27. Rhe1 Rfc8 28.
Rd2 Bxe3 29. Rxe3 f5 30. Ne2 Nb6 31. c3 R8c5 32. cxb4 Rxd5 33. Rxd5 Nxd5 34.
Ra3 e3 35. b5 Rb4 36. b6 Nxb6 37. Rxe3 Nc4 38. Rc3 Rxb2+ 39. Kc1 Rxe2 40. Rxc4
Re4 41. Rc8+ Kf7 42. h5 Rxf4 43. Rc7+ Kf8 44. Rc8+ Kf7 45. Rc7+ Kf8 46. Rc8+
Kf7 {normal} 1/2-1/2

[Event "2BLS 1819 FB Mörlenbach-Birkenau - SC "]
[Site "?"]
[Date "2019.02.24"]
[Round "8.6"]
[White "Schaefer, Michael"]
[Black "Miezis, Normunds"]
[Result "1/2-1/2"]
[WhiteElo "2400"]
[BlackElo "2400"]
[PlyCount "124"]
[EventDate "2019.??.??"]

1. d4 Nf6 2. Nf3 e6 3. e3 b6 4. Bd3 Bb7 5. O-O g6 6. c4 Bg7 7. Nc3 d5 8. cxd5
exd5 9. b4 O-O 10. Bb2 Nbd7 11. b5 a6 12. a4 Re8 13. Qb3 c5 14. bxc6 Bxc6 15.
Rfc1 Bb7 16. Ba3 Bh6 17. Bd6 Rc8 18. Bf4 Bxf4 19. exf4 Qe7 20. Ne5 Qe6 21. Qd1
Qd6 22. Rab1 Kg7 23. Rb3 Rc7 24. Nb1 Rec8 25. Rxc7 Rxc7 26. g3 Nf8 27. Nd2 N6d7
28. Ndf3 f6 29. Nxd7 Nxd7 30. Qe2 a5 31. h4 Bc6 32. Bb5 Bxb5 33. Rxb5 Rc4 34.
Qe8 Rb4 35. f5 Nf8 36. fxg6 hxg6 37. Rxb4 axb4 38. Qb5 Ne6 39. h5 g5 40. Qd3
Nf8 41. Qb5 Kh6 42. Ne1 Kxh5 43. Nc2 Qe6 44. Qxb4 Ng6 45. Ne3 Ne7 46. Qb5 Kg6
47. Qe8+ Qf7 48. Qd7 f5 49. Kf1 Kf6 50. Ke1 Qe6 51. Qxe6+ Kxe6 52. Kd2 f4 53.
gxf4 gxf4 54. Ng2 Kf5 55. f3 Kg5 56. Kd3 Nc6 57. Kc3 Na5 58. Kd3 Nc4 59. Kc3
Nd6 60. Kd3 Nc4 61. Kc3 Nd6 62. Kd3 Nc4 {normal} 1/2-1/2

[Event "2BLS 1819 FB Mörlenbach-Birkenau - SC "]
[Site "?"]
[Date "2019.02.24"]
[Round "8.7"]
[White "Burri, Quentin"]
[Black "Klings, Peter"]
[Result "1-0"]
[WhiteElo "2400"]
[BlackElo "2400"]
[PlyCount "79"]
[EventDate "2019.??.??"]

1. e4 c6 2. d4 d5 3. e5 Bf5 4. Nf3 e6 5. Be2 Ne7 6. O-O Ng6 7. Be3 Nd7 8. Nbd2
h5 9. Re1 Be7 10. c4 Nb6 11. c5 Nd7 12. b4 a6 13. Nb3 h4 14. Nfd2 f6 15. f4
Ngf8 16. Nf3 Be4 17. exf6 Nxf6 18. Ne5 Bf5 19. a4 N8d7 20. b5 axb5 21. axb5
Nxe5 22. fxe5 Ne4 23. Qc1 O-O 24. Rxa8 Qxa8 25. Qb2 Qa4 26. b6 Qb4 27. Ra1 Kh7
28. Qa3 Qc3 29. Na5 Ra8 30. Qxc3 Nxc3 31. Bf1 Bg4 32. Nb3 Ne2+ 33. Kf2 Rf8+ 34.
Ke1 Nc3 35. h3 Bf5 36. Ra7 Bc2 37. Nc1 Nd1 38. Bd2 Rb8 39. Bd3+ Bxd3 40. Nxd3 {
normal} 1-0

[Event "2BLS 1819 FB Mörlenbach-Birkenau - SC "]
[Site "?"]
[Date "2019.02.24"]
[Round "8.8"]
[White "Wohlfart, Paulus"]
[Black "Maier, Christian"]
[Result "1-0"]
[WhiteElo "2400"]
[BlackElo "2400"]
[PlyCount "31"]
[EventDate "2019.??.??"]

1. d4 Nf6 2. c4 e6 3. Nc3 Bb4 4. Qc2 c5 5. dxc5 Na6 6. a3 Bxc3+ 7. Qxc3 Nxc5 8.
b4 Nce4 9. Qb2 d5 10. c5 b6 11. f3 O-O 12. fxe4 Nxe4 13. cxb6 Qh4+ 14. g3 Nxg3
15. Nf3 Qh5 16. Rg1 {normal} 1-0

[Event "2BLS 1819 TSV Schönaich - SV Jedesheim"]
[Site "?"]
[Date "2019.02.24"]
[Round "8.1"]
[White "Krassowizkij, Jaroslaw"]
[Black "Bosiocic, Marin"]
[Result "1/2-1/2"]
[WhiteElo "2461"]
[BlackElo "2618"]
[PlyCount "88"]
[EventDate "2019.??.??"]

1. c4 e5 2. g3 c6 3. d4 Bb4+ 4. Bd2 Bxd2+ 5. Qxd2 d6 6. Bg2 Nf6 7. Nc3 O-O 8.
e3 Be6 9. b3 Qc8 10. Nf3 Bh3 11. O-O Bxg2 12. Kxg2 e4 13. Ng5 Qg4 14. f4 exf3+
15. Nxf3 Ne4 16. Qc2 Nxc3 17. Qxc3 Qe4 18. Kg1 Nd7 19. Nd2 Qg6 20. e4 c5 21.
Rf5 Rae8 22. Raf1 Qh6 23. R1f4 g6 24. Rd5 Re6 25. dxc5 Nxc5 26. b4 Na4 27. Qd4
Qg7 28. Qxg7+ Kxg7 29. Ra5 Nc3 30. Kf1 a6 31. Ra3 g5 32. Rf5 Nxe4 33. Nxe4 Rxe4
34. Rxg5+ Kf6 35. Rd5 Rxc4 36. Rxd6+ Kg7 37. Rb6 Rd8 38. Rf3 Rd2 39. Rf2 Rxf2+
40. Kxf2 Rc2+ 41. Kg1 Rxa2 42. Rxb7 Kf8 43. b5 a5 44. b6 Rb2 1/2-1/2

[Event "2BLS 1819 TSV Schönaich - SV Jedesheim"]
[Site "?"]
[Date "2019.02.24"]
[Round "8.2"]
[White "Martinovic, Sasa"]
[Black "Pikula, Dejan"]
[Result "1/2-1/2"]
[WhiteElo "2559"]
[BlackElo "2477"]
[PlyCount "64"]
[EventDate "2019.??.??"]

1. d4 Nf6 2. c4 e6 3. Nc3 d5 4. cxd5 Nxd5 5. e4 Nxc3 6. bxc3 c5 7. Nf3 cxd4 8.
cxd4 Bb4+ 9. Bd2 Bxd2+ 10. Qxd2 O-O 11. Rc1 b6 12. Bd3 Bb7 13. Qe3 Nd7 14. e5
Bxf3 15. Qxf3 b5 16. O-O b4 17. Be4 Rc8 18. Qd3 g6 19. Qb5 Rb8 20. Qa4 a5 21.
Rfd1 Nb6 22. Qxa5 Nd5 23. Qxd8 Rfxd8 24. Bxd5 Rxd5 25. Rc5 Ra8 26. Rc4 Rb5 27.
Rc2 Rba5 28. Rb2 Rxa2 29. Rxb4 Re2 30. h4 Raa2 31. Rf1 Rad2 32. g3 Re4 1/2-1/2

[Event "2BLS 1819 TSV Schönaich - SV Jedesheim"]
[Site "?"]
[Date "2019.02.24"]
[Round "8.3"]
[White "Beletic, Daniel"]
[Black "Plenca, Jadranko"]
[Result "0-1"]
[WhiteElo "2377"]
[BlackElo "2483"]
[PlyCount "100"]
[EventDate "2019.??.??"]

1. d4 Nf6 2. Bf4 c5 3. e3 d5 4. c3 Nc6 5. Nd2 Qb6 6. Qb3 c4 7. Qc2 Bg4 8. Ngf3
Rc8 9. h3 Bh5 10. Nh4 e6 11. g4 Bg6 12. Nxg6 hxg6 13. Be2 Qa5 14. Kf1 Qd8 15.
Kg2 Bd6 16. Bxd6 Qxd6 17. f4 b5 18. Raf1 a6 19. Rf2 Ne7 20. Rff1 Nc6 21. Bf3
Ne7 22. b3 cxb3 23. axb3 Rc7 24. Qd3 Nd7 25. h4 f5 26. g5 O-O 27. h5 gxh5 28.
Rxh5 Ng6 29. Kf2 Rfc8 30. Rc1 Qa3 31. Rc2 Qa5 32. Bxd5 Ndf8 33. Bxe6+ Nxe6 34.
Qxf5 Ngf8 35. Qd5 Rf7 36. Ne4 Rd8 37. Nd6 Rdd7 38. c4 Rxd6 39. Qxd6 bxc4 40.
bxc4 Qf5 41. Rc3 Qg4 42. Rh1 Nxf4 43. exf4 Rxf4+ 44. Ke1 Re4+ 45. Kf1 Qe2+ 46.
Kg1 Qe1+ 47. Kg2 Re2+ 48. Kf3 Qf2+ 49. Kg4 Re4+ 50. Kh5 Qe2+ 0-1

[Event "2BLS 1819 TSV Schönaich - SV Jedesheim"]
[Site "?"]
[Date "2019.02.24"]
[Round "8.4"]
[White "Volke, Karsten"]
[Black "Anistratov, Dmitriy"]
[Result "1-0"]
[WhiteElo "2463"]
[BlackElo "2303"]
[PlyCount "63"]
[EventDate "2019.??.??"]

1. d4 d6 2. e4 Nf6 3. Nc3 Nbd7 4. f4 e5 5. Nf3 c6 6. dxe5 dxe5 7. fxe5 Ng4 8.
e6 fxe6 9. Ng5 Nde5 10. Qxd8+ Kxd8 11. h3 Nh6 12. Bf4 Ng6 13. O-O-O+ Ke8 14.
Be3 Be7 15. Be2 Bxg5 16. Bxg5 Nf7 17. Be3 b6 18. a4 Ke7 19. a5 Rb8 20. Na4 c5
21. axb6 axb6 22. Nxb6 Rxb6 23. Bxc5+ Rd6 24. Rhf1 Bb7 25. Rxf7+ Kxf7 26. Bxd6
Bxe4 27. Rf1+ Ke8 28. Bb5+ Kd8 29. g3 Ne7 30. Rf7 Nf5 31. Be5 Ne7 32. Bxg7 1-0

[Event "2BLS 1819 TSV Schönaich - SV Jedesheim"]
[Site "?"]
[Date "2019.02.24"]
[Round "8.5"]
[White "Trussevich, Sergey"]
[Black "Hirneise, Tobias"]
[Result "1-0"]
[WhiteElo "2287"]
[BlackElo "2460"]
[PlyCount "51"]
[EventDate "2019.??.??"]

1. Nf3 d5 2. e3 c5 3. b3 a6 4. Bb2 Nc6 5. d4 Nf6 6. a3 cxd4 7. Nxd4 Qc7 8. Nd2
e5 9. Nxc6 bxc6 10. c4 Bd6 11. Qc2 Bb7 12. c5 Be7 13. b4 O-O 14. Nb3 Bc8 15. h3
Be6 16. Bd3 Rfe8 17. Na5 h5 18. Qa4 Bd7 19. O-O-O h4 20. Rhg1 Rec8 21. g3 hxg3
22. Rxg3 Nh5 23. Rg2 e4 24. Be2 Bf6 25. Qc2 Bxh3 26. Rgg1 1-0

[Event "2BLS 1819 TSV Schönaich - SV Jedesheim"]
[Site "?"]
[Date "2019.02.24"]
[Round "8.6"]
[White "Hirneise, Jens"]
[Black "Matt, Fabian"]
[Result "1-0"]
[WhiteElo "2373"]
[BlackElo "2274"]
[PlyCount "101"]
[EventDate "2019.??.??"]

1. e4 c5 2. Nf3 Nc6 3. d4 cxd4 4. Nxd4 e6 5. Nc3 Qc7 6. Be2 Nf6 7. a3 a6 8. f4
Nxd4 9. Qxd4 Bc5 10. Qd3 d6 11. Be3 b5 12. Bxc5 Qxc5 13. O-O-O Bb7 14. Bf3
O-O-O 15. Kb1 Kb8 16. Rhe1 Rd7 17. g4 Rhd8 18. g5 Ne8 19. h4 Nc7 20. Qd4 Qxd4
21. Rxd4 e5 22. fxe5 dxe5 23. Rxd7 Rxd7 24. Rf1 a5 25. Bg4 Re7 26. Rd1 f6 27.
Rd8+ Ka7 28. gxf6 gxf6 29. Bf5 Rg7 30. h5 b4 31. axb4 axb4 32. h6 Rg2 33. Na4
Bc6 34. Nc5 Rh2 35. Rd6 Kb6 36. Nd7+ Kb5 37. Rxf6 Ne8 38. Rf8 Nd6 39. Rb8+ Ka5
40. Nxe5 Bxe4 41. Bxe4 Nxe4 42. Nc6+ Ka6 43. Nxb4+ Ka7 44. Nc6+ Ka6 45. Re8
Nd2+ 46. Ka2 Rxh6 47. Nd4 Rh2 48. b4 h5 49. Rb8 Ne4 50. b5+ Ka5 51. Ka3 1-0